| 000 | 00784nam a2200241 i 4500 | ||
|---|---|---|---|
| 001 | 181338 | ||
| 003 | ES-MaACL | ||
| 005 | 20251009185055.0 | ||
| 008 | 121210s2011 sp | |||||||| | spa d | ||
| 020 | _a978-84-7522-135-9 | ||
| 080 | _a821.111(71)-14"19" | ||
| 100 | 1 |
_aCohen, Leonard. _939504 |
|
| 245 | 1 | 0 |
_aMemorias de un mujeriego / _cLeonard Cohen ; traducción de Antonio Resines. |
| 250 | _a3ª ed. | ||
| 260 |
_aMadrid : _bVisor Libros, _c2011. |
||
| 300 |
_a264 p. ; _c20 cm. |
||
| 490 | 1 |
_aColección Visor de poesía ; _vv. 135 |
|
| 700 | 0 |
_aResines, Antonio, _d1949- _996328 |
|
| 830 | 0 |
_aColección Visor de poesía _vv. 135 _9177331 |
|
| 852 |
_aES-MaACL _jA-12382 _9188222 _bR.148350 _cDEPO1 _dOlim: N-5387 |
||
| 942 |
_2udc _cMONOGRAFIA |
||
| 999 |
_c181338 _d181338 |
||